000 00240nam a2200097Ia 4500
001 1250626
005 20251031150859.0
008 251031s9999 xx 000 0 und d
245 0 _cMELAHAT ÜRKMEZ
_aD-2 HADİMİ
260 _bDESTEK YAYINLARI
999 _c1250626
_d1250626